000 00742nam a2200181 a 4500
005 20150108145538.0
008 140217b2009 ck ||||| |||| 00| 0 spa d
040 _aCO-BoIAVH
_cCO-BoIAVH
041 _aspa
044 _ack
090 _aIAVH
_b01321
100 _aSánchez, Iván Manuel
_96140
245 _aInvestigación, conservación y manejo de aves rapaces en el distrito de Bogotá
_bInforme final de actividades
260 _aBogotá
_bIAVH
_bSDA
_c2009
300 _a64 p.
505 _aContenido CD: Copia del documento impreso -- Diversidad y abundancia de aves rapaces en la ciudad de Bogotá, Colombia. / Iván Manuel Sánchez Dueñas y César Márquez Reyes -- Las Aves Rapaces en la ciudad de Bogotá D.C.
942 _cINFORME
_2z
999 _c6853
_d6853